[Event "Bad Woerishofen op 31st"]
[Site "Bad Woerishofen"]
[Date "2015.03.04"]
[Round "6"]
[White "Huber, Dorit"]
[Black "Humburg, Eduard"]
[Result "1-0"]
[WhiteElo "1618"]
[BlackElo "1437"]
[PlyCount "93"]
[EventDate "2015.02.27"]
[EventType "swiss"]
[EventRounds "9"]
[EventCountry "GER"]
[SourceTitle "CBM 165 Extra"]
[Source "ChessBase"]
[SourceDate "2015.04.21"]
[SourceVersion "1"]
[SourceVersionDate "2015.04.21"]
[SourceQuality "1"]

1. d4 d5 2. Bf4 Nf6 3. e3 a6 4. Nd2 Nc6 5. Bd3 g6 6. Ngf3 Bg7 7. h3 0-0 8. 0-0 Nb4 9. Be2 Bf5 10. c3 Nd3 11. Bxd3 Bxd3 12. Re1 Ne4 13. Nb3 Bb5 14. a4 Bd7 15. Nc5 Nxc5 16. dxc5 c6 17. Qd2 Bf5 18. Nd4 e5 19. Nxf5 gxf5 20. Bh2 f6 21. Qc2 Qd7 22. Rad1 e4 23. Bf4 Rad8 24. Qe2 Qf7 25. b4 Rd7 26. Rb1 Rfd8 27. Rb2 Bf8 28. Kh1 a5 29. Rg1 axb4 30. cxb4 d4 31. g4 fxg4 32. Qxg4+ Qg7 33. Qe6+ Rf7 34. Rxg7+ Kxg7 35. Bh6+ Kg6 36. Bxf8 Rfxf8 37. Qxe4+ f5 38. Qg2+ Kf6 39. Rd2 Rg8 40. Qf3 d3 41. e4 Rg5 42. Rxd3 Rdg8 43. Rd6+ Ke5 44. exf5 Rg1+ 45. Kh2 R1g2+ 46. Qxg2 Rxg2+ 47. Kxg2 1-0

[Event "Rheinland Pfalz op 4th"]
[Site "Altenkirchen"]
[Date "2012.06.07"]
[Round "2"]
[White "Humburg, Eduard"]
[Black "Herzel, Dieter"]
[Result "0-1"]
[WhiteElo "1429"]
[BlackElo "1829"]
[PlyCount "86"]
[EventDate "2012.06.07"]
[EventType "swiss"]
[EventRounds "7"]
[EventCountry "GER"]
[SourceTitle "CBM 148 Extra"]
[Source "ChessBase"]
[SourceDate "2012.06.22"]
[SourceVersion "1"]
[SourceVersionDate "2012.06.22"]
[SourceQuality "1"]

1. c4 Nf6 2. d4 g6 3. Nc3 Bg7 4. e4 d6 5. Nf3 0-0 6. Be2 e5 7. Bg5 h6 8. Bxf6 Bxf6 9. Nd5 Bg7 10. 0-0 c6 11. Nc3 Qb6 12. Na4 Qa5 13. d5 cxd5 14. cxd5 Bd7 15. Nc3 Na6 16. Nd2 Rac8 17. Nc4 Qc7 18. b3 b5 19. Nxd6 Qxd6 20. Nxb5 Bxb5 21. Bxb5 Nc5 22. f3 Nxe4 23. Rc1 Qb6+ 24. Kh1 Nc3 25. Rxc3 Rxc3 26. Bc4 Qd4 27. h3 Rxc4 28. bxc4 Qxc4 29. Re1 Rd8 30. Qb3 Qxb3 31. axb3 Rxd5 32. Re4 Rd4 33. Re3 f5 34. g3 Kf7 35. Rc3 Ke7 36. Rc7+ Rd7 37. Rc4 g5 38. h4 gxh4 39. Rxh4 Rd4 40. Rh2 Rd1+ 41. Kg2 Rd2+ 42. Kh3 Rxh2+ 43. Kxh2 Kd6 0-1

[Event "Bad Woerishofen op 28th"]
[Site "Bad Woerishofen"]
[Date "2012.03.07"]
[Round "6"]
[White "Dietsche, Birgit"]
[Black "Humburg, Eduard"]
[Result "1-0"]
[WhiteElo "1481"]
[BlackElo "1438"]
[PlyCount "67"]
[EventDate "2012.03.02"]
[EventType "swiss"]
[EventRounds "9"]
[EventCountry "GER"]
[SourceTitle "EXT 2019"]
[Source "ChessBase"]
[SourceDate "2018.10.10"]
[SourceVersion "1"]
[SourceVersionDate "2018.10.10"]
[SourceQuality "1"]

1. d4 d5 2. Bf4 Nf6 3. e3 Bd7 4. Nf3 Nc6 5. c3 e6 6. Nbd2 Be7 7. Bd3 Nh5 8. Bg3 0-0 9. Ne5 Nxe5 10. Bxe5 g6 11. Nf3 f6 12. Bg3 c5 13. Qc2 f5 14. Ne5 Be8 15. Be2 Nf6 16. Bf4 Kg7 17. Qd1 Bd6 18. h4 h6 19. Rh3 Bxe5 20. Bxe5 Kh7 21. g4 Ne4 22. g5 h5 23. Rf3 c4 24. Rh3 Nd6 25. Bf3 Ne4 26. Ke2 Nxg5 27. hxg5 Qxg5 28. Qh1 Kg8 29. Rg1 Qh6 30. Rxh5 Qg7 31. Bxg7 Kxg7 32. Rh7+ Kf6 33. Qh4+ g5 34. Qxg5# 1-0

[Event "Bad Woerishofen op 28th"]
[Site "Bad Woerishofen"]
[Date "2012.03.06"]
[Round "5"]
[White "Di Cicco, Daniela"]
[Black "Humburg, Eduard"]
[Result "1/2-1/2"]
[WhiteElo "1502"]
[BlackElo "1438"]
[PlyCount "76"]
[EventDate "2012.03.02"]
[EventType "swiss"]
[EventRounds "9"]
[EventCountry "GER"]
[SourceTitle "EXT 2019"]
[Source "ChessBase"]
[SourceDate "2018.10.10"]
[SourceVersion "1"]
[SourceVersionDate "2018.10.10"]
[SourceQuality "1"]

1. d4 d5 2. Bf4 Nc6 3. c3 e6 4. Nf3 Bd6 5. Bg3 Nf6 6. Nbd2 0-0 7. e3 Ne4 8. Bxd6 Qxd6 9. Bd3 f5 10. 0-0 h6 11. Be2 e5 12. Qc2 exd4 13. exd4 Qf4 14. Rfe1 Nxd2 15. Qxd2 Qxd2 16. Nxd2 Re8 17. Bh5 Rxe1+ 18. Rxe1 Bd7 19. f4 Kh7 20. g3 g6 21. Bf3 Re8 22. Rxe8 Bxe8 23. Bxd5 g5 24. fxg5 hxg5 25. Be6 Kg6 26. Nf3 Kf6 27. Bd5 b6 28. h3 Ne7 29. Bc4 g4 30. hxg4 fxg4 31. Ne5 Kg5 32. Kf2 b5 33. Be6 Nf5 34. Bxf5 Kxf5 35. Ke3 a5 36. a3 a4 37. Nd3 Bc6 38. Ne5 Bd5 1/2-1/2

[Event "Bad Woerishofen op 28th"]
[Site "Bad Woerishofen"]
[Date "2012.03.05"]
[Round "4"]
[White "Humburg, Eduard"]
[Black "Stoll, Katja"]
[Result "0-1"]
[WhiteElo "1438"]
[BlackElo "1633"]
[PlyCount "92"]
[EventDate "2012.03.02"]
[EventType "swiss"]
[EventRounds "9"]
[EventCountry "GER"]
[SourceTitle "EXT 2019"]
[Source "ChessBase"]
[SourceDate "2018.10.10"]
[SourceVersion "1"]
[SourceVersionDate "2018.10.10"]
[SourceQuality "1"]

1. c4 c5 2. Nc3 Nc6 3. e3 Nf6 4. Nf3 g6 5. d4 cxd4 6. exd4 d5 7. Ne5 Bg7 8. Nxc6 bxc6 9. Be3 0-0 10. Be2 Rb8 11. b3 Qc7 12. 0-0 Bf5 13. Bf3 Qd7 14. Bf4 Rbc8 15. Be5 Be6 16. Na4 Ne4 17. Bxg7 Kxg7 18. Bxe4 dxe4 19. Nc5 Qc7 20. Nxe4 Bf5 21. Ng3 Be6 22. Re1 Rfd8 23. d5 cxd5 24. Qd4+ Kg8 25. c5 Qxc5 26. Qh4 Qd6 27. Qg5 f6 28. Qe3 Bf7 29. Qxa7 Rd7 30. Qa4 e5 31. Qg4 Be6 32. Qh4 Bf7 33. Red1 Rc2 34. Ne4 dxe4 35. Rxd6 Rxd6 36. Qxe4 Rdd2 37. Rf1 Rxa2 38. Qb7 Rab2 39. Qb4 Bxb3 40. h3 Bf7 41. Qc3 Rbc2 42. Qg3 e4 43. Qf4 Re2 44. Qg3 Rcd2 45. Qg4 h5 46. Qf4 Kg7 0-1

[Event "Bad Woerishofen op 28th"]
[Site "Bad Woerishofen"]
[Date "2012.03.03"]
[Round "2"]
[White "Margraf, Christoph"]
[Black "Humburg, Eduard"]
[Result "1-0"]
[WhiteElo "1934"]
[BlackElo "1438"]
[PlyCount "41"]
[EventDate "2012.03.02"]
[EventType "swiss"]
[EventRounds "9"]
[EventCountry "GER"]
[SourceTitle "EXT 2019"]
[Source "ChessBase"]
[SourceDate "2018.10.10"]
[SourceVersion "1"]
[SourceVersionDate "2018.10.10"]
[SourceQuality "1"]

1. c4 c5 2. Nf3 Nc6 3. Nc3 e6 4. d4 cxd4 5. Nxd4 Bb4 6. Ndb5 a6 7. Nd6+ Bxd6 8. Qxd6 Nge7 9. e4 0-0 10. Bd3 a5 11. 0-0 Ra6 12. c5 Ra8 13. Be3 Nb4 14. Bb1 Ra6 15. Qd2 e5 16. a3 Rg6 17. axb4 Nc6 18. b5 Nb4 19. Nd5 d6 20. Kh1 Be6 21. Nxb4 1-0